| 000 | 00568nam a2200145 a 4500 | ||
|---|---|---|---|
| 008 | 120416s0000 ||||||||||||||||| || u | ||
| 020 | _a0312221916 | ||
| 050 | _aHG 229 Unc | ||
| 100 | _aDavidson, Louise | ||
| 245 | 1 | 0 |
_aUncertainty, international money, employment and theory _cedited by Louise Davidson |
| 246 | _athe collected....vol.3 | ||
| 260 |
_aLondon _bMacmillan _c1999 |
||
| 350 | _a0.00 | ||
| 995 |
_D0.00 _FCBU-MAIN LIBRARY (Kitwe) _H1 _I30.00 _M1 _UAVAILABLE _WOct 4, 2006 _ZMain Library Open Access Collection |
||
| 999 |
_c60590 _d60590 |
||